Matching: Capitals per Continent Quiz Stats

 Plays Quiz Updated May 30, 2017

Challenge
Share
Tweet
Score 0/6 Timer 03:00
16 Plays Today
% Correct
Bratislava
91.1%
Quito
90.3%
Beijing
75.6%
Roseau
64.1%
Yaounde
56.9%
Ngerulmud
46.5%

You're not logged in!

Compare scores with friends on all Sporcle quizzes.
Join for Free
OR
Log In

You Might Also Like...

Show Comments

Extras

Top Quizzes Today


Score Distribution

Your Account Isn't Verified!

In order to create a playlist on Sporcle, you need to verify the email address you used during registration. Go to your Sporcle Settings to finish the process.

Report this User

Report this user for behavior that violates our Community Guidelines.

Details: